BIBLIOTECA PODER JUDICIAL
Portal Judicial TDF

Los recursos judiciales y demás medios impugnativos en Iberoamérica / (Registro nro. 1459)

000 -LEADER
fixed length control field 00716nam a22002297a 4500
003 - CONTROL NUMBER IDENTIFIER
control field OSt
005 - DATE AND TIME OF LATEST TRANSACTION
control field 20180914090655.0
008 - FIXED-LENGTH DATA ELEMENTS--GENERAL INFORMATION
fixed length control field 180302b xxu||||| |||| 00| 0 spa d
020 ## - INTERNATIONAL STANDARD BOOK NUMBER
International Standard Book Number 9501404366
040 ## - CATALOGING SOURCE
Transcribing agency PJ
100 ## - ASIENTO PRINCIPAL - NOMBRE DE PERSONA
9 (RLIN) 2214
Personal name Vescovi, Enrique
245 13 - MENCIÓN DE TÍTULO
Título propiamente dicho Los recursos judiciales y demás medios impugnativos en Iberoamérica /
Mención de responsabilidad, etc Enrique Vescovi.
260 ## - PUBLICATION, DISTRIBUTION, ETC. (IMPRINT)
Place of publication, distribution, etc Buenos Aires :
Name of publisher, distributor, etc Depalma,
Date of publication, distribution, etc 1988.
300 ## - DESCRIPCION FISICA
Extent 552 p.
Dimensions 23 cm.
Other physical details rústica
500 ## - NOTA GENERAL
General note Notas y citas a pie de página.
504 ## - NOTA DE BIBLIOGRAFÍA, ETC.
Bibliography, etc Bibliografía: p. 545
650 #0 - ASIENTO SECUNDARIO DE MATERIA - TERMINO TEMATICO
9 (RLIN) 267
Topical term or geographic name as entry element DERECHO PROCESAL
650 #0 - ASIENTO SECUNDARIO DE MATERIA - TERMINO TEMATICO
9 (RLIN) 178
Topical term or geographic name as entry element DERECHO CONSTITUCIONAL
650 #0 - ASIENTO SECUNDARIO DE MATERIA - TERMINO TEMATICO
9 (RLIN) 1955
Topical term or geographic name as entry element RECURSOS
651 #0 - SUBJECT ADDED ENTRY--GEOGRAPHIC NAME
9 (RLIN) 856
Geographic name IBEROAMERICA
942 ## - ADDED ENTRY ELEMENTS (KOHA)
Source of classification or shelving scheme
Koha item type Libros
Classification part 342.955
Item part VES
Existencias
Withdrawn status Lost status Source of classification or shelving scheme Damaged status Not for loan Permanent Location Current Location Date acquired Full call number Barcode Date last seen Price effective from Koha item type
          Biblioteca Poder Judicial Sur Biblioteca Poder Judicial Sur 2018-09-14 347.955 VES 0495 2018-09-14 2018-09-14 Libros

12 de Octubre 789 Ushuaia - Tel:  54(02901)441571
Horario de Atención: 8.00 a 17.00 hs. 
bibliotecaush@justierradelfuego.gov.ar
koha@justierradelfuego.gov.ar
Seguinos en nuestras redes @bibliojustdf 

Con tecnología Koha